000 00495cam a22001457a 4500
008 180718b1949 xxu||||| |||| 00| 0 eng d
082 _aI5516x73 In8a
100 _aPayne, W. Scott
245 _aLatin American proceeding
_cby W. Scott Payne
260 _aNew York
_bPolygraphic Company of America
_c1949
300 _a121p
440 _aOPAC case studies
500 _aInter-university case program: cases in public administration and policy formation
650 _aInter-university case program
999 _c500368
_d500368